| 000 | 00538nam a2200193Ia 4500 | ||
|---|---|---|---|
| 008 | 160319s9999 xx 000 0 und d | ||
| 020 | _a9719201894 | ||
| 050 | _bR627j 1998 | ||
| 100 | _aAlmario, Virgilio S. | ||
| 245 | _aEl Filibusterismo / | ||
| 245 | _cJose A. Rizal ; salin ni Virgilio S. Almario. | ||
| 260 | _aQuezon City : | ||
| 260 | _bAdarna House, | ||
| 260 | _c1998 | ||
| 300 | _axxii, 318 pages ; | ||
| 300 | _c22 cm. | ||
| 650 | _aRizal, Jose A. 1861 - 1869 El Filibusterismo | ||
| 650 | _xPhilippine fiction. | ||
| 999 |
_c292318 _d292318 |
||